[Event "Creon op 10th"]
[Site "Creon"]
[Date "2005.08.02"]
[Round "2"]
[White "Boudre, Jean Pierre"]
[Black "Moulin, Serge"]
[Result "1-0"]
[WhiteElo "2359"]
[BlackElo "1938"]
[PlyCount "57"]
[EventDate "2005.08.01"]
[EventType "swiss"]
[EventRounds "9"]
[EventCountry "FRA"]
[SourceTitle "CBM 107 Extra"]
[Source "ChessBase"]
[SourceDate "2005.09.01"]
[SourceVersion "1"]
[SourceVersionDate "2005.09.01"]
[SourceQuality "1"]

1. e4 Nf6 2. e5 Nd5 3. d4 d6 4. c4 Nb6 5. exd6 exd6 6. Nc3 Be7 7. Bd3 Nc6 8. Nge2 0-0 9. 0-0 Re8 10. Be3 Nb4 11. b3 Nxd3 12. Qxd3 c6 13. Rfe1 g6 14. f3 Bg5 15. Bxg5 Qxg5 16. Ne4 Qd8 17. N2g3 f5 18. Nf6+ Qxf6 19. Rxe8+ Kf7 20. Rae1 d5 21. cxd5 cxd5 22. Qd2 f4 23. Qb4 Kg7 24. Qe7+ Qxe7 25. R1xe7+ Kf6 26. Ne2 Bf5 27. Rxa8 Kxe7 28. Rxa7 Bc8 29. Nxf4 1-0

[Event "La Fere op 3rd"]
[Site "La Fere"]
[Date "2004.07.09"]
[Round "9"]
[White "Croenne, Olivier"]
[Black "Moulin, Serge"]
[Result "1/2-1/2"]
[WhiteElo "2055"]
[BlackElo "1932"]
[PlyCount "77"]
[EventDate "2004.07.03"]
[EventType "swiss"]
[EventRounds "9"]
[EventCountry "FRA"]
[SourceTitle "CBM 101 Extra"]
[Source "ChessBase"]
[SourceDate "2004.09.01"]
[SourceVersion "2"]
[SourceVersionDate "2004.09.01"]
[SourceQuality "1"]

1. e4 Nf6 2. e5 Nd5 3. d4 d6 4. Nf3 dxe5 5. Nxe5 Nd7 6. Nd3 e6 7. Nd2 c5 8. dxc5 Nxc5 9. Nxc5 Bxc5 10. Ne4 Be7 11. c3 0-0 12. Bd3 a6 13. 0-0 b5 14. Bc2 Bb7 15. Qh5 g6 16. Qh3 f5 17. Ng3 e5 18. Bh6 Bg5 19. Bb3 Bxh6 20. Qxh6 Rf6 21. Rad1 Rd6 22. h4 Qf8 23. Qc1 Kg7 24. Rfe1 Nf4 25. Rxe5 Nxg2 26. Nxf5+ gxf5 27. Qg5+ Kh8 28. Rxd6 Qxd6 29. Re7 Qg6 30. Rxb7 Nxh4 31. Qxg6 hxg6 32. a4 g5 33. axb5 axb5 34. Rxb5 Ra1+ 35. Kh2 Rf1 36. Kg3 Rg1+ 37. Kh3 Rh1+ 38. Kg3 Rg1+ 39. Kh3 1/2-1/2

[Event "La Fere op 3rd"]
[Site "La Fere"]
[Date "2004.07.03"]
[Round "1"]
[White "Moulin, Serge"]
[Black "Colin, Vincent"]
[Result "0-1"]
[WhiteElo "1932"]
[BlackElo "2389"]
[PlyCount "68"]
[EventDate "2004.07.03"]
[EventType "swiss"]
[EventRounds "9"]
[EventCountry "FRA"]
[SourceTitle "CBM 101 Extra"]
[Source "ChessBase"]
[SourceDate "2004.09.01"]
[SourceVersion "2"]
[SourceVersionDate "2004.09.01"]
[SourceQuality "1"]

1. Nf3 d5 2. c4 e6 3. g3 Nf6 4. Bg2 dxc4 5. Qa4+ Nbd7 6. Qxc4 c5 7. d3 a6 8. Nc3 b5 9. Qh4 Bb7 10. Bg5 Be7 11. 0-0 h6 12. Qh3 Rc8 13. Rfd1 0-0 14. Be3 Nd5 15. Nxd5 Bxd5 16. Nd2 Bf6 17. Bxd5 exd5 18. Rab1 Re8 19. b4 d4 20. Bf4 cxb4 21. Ne4 Be7 22. Qg4 Rc6 23. Rdc1 Rg6 24. Qf5 Nb6 25. Rc7 Qd5 26. Qe5 Qxe5 27. Bxe5 Bd8 28. Rc5 Nd7 29. Bxd4 Nxc5 30. Bxc5 a5 31. e3 Rc6 32. Bd4 Be7 33. Kf1 Rc2 34. Rb2 Rec8 0-1

[Event "FRA-ch U20"]
[Site "Le Grand Bornand"]
[Date "2003.??.??"]
[Round "6.8"]
[White "Ravot, Sylvain"]
[Black "Moulin, Serge"]
[Result "1-0"]
[WhiteElo "2164"]
[BlackElo "2060"]
[PlyCount "53"]
[EventDate "2003.??.??"]
[EventType "swiss"]
[EventRounds "9"]
[EventCountry "FRA"]
[SourceTitle "EXT 2004"]
[Source "ChessBase"]
[SourceDate "2003.11.25"]
[SourceVersion "1"]
[SourceVersionDate "2003.11.25"]
[SourceQuality "1"]

1. e4 Nf6 2. e5 Nd5 3. Nc3 Nxc3 4. bxc3 d6 5. f4 Bf5 6. d4 e6 7. Bd3 Bxd3 8. Qxd3 c5 9. Rb1 Qc7 10. Qb5+ Nc6 11. Qxb7 Rc8 12. Nf3 cxd4 13. Qxc7 Rxc7 14. cxd4 dxe5 15. fxe5 Nb4 16. Bd2 Nxc2+ 17. Kd1 Kd7 18. Rb8 f5 19. Ba5 Rc4 20. Ke2 Ra4 21. Bc3 Rxa2 22. Kd3 h6 23. Nh4 Be7 24. Rb7+ Kd8 25. Rxe7 g5 26. Ng6 Rg8 27. Rxe6 1-0